| 000 | 00587cam a22002171 4500 | ||
|---|---|---|---|
| 001 | med47001057 | ||
| 003 | DLC | ||
| 005 | 20260227111601.0 | ||
| 008 | 810815s1946 xx a 000 0 fre | ||
| 010 | _amed47001057 | ||
| 035 | _a(OCoLC)14735636 | ||
| 040 |
_aDLC _cDNLM _dDLC |
||
| 042 | _apremarc | ||
| 050 | 0 | 0 |
_aRC311 _b.L95 |
| 060 | 0 |
_aWF 215 _bL975t 1946 |
|
| 100 | 1 |
_aLumière, Auguste, _d1862-1954. |
|
| 245 | 1 | 3 | _aLa tuberculose, maladie congénitale. |
| 260 |
_aParis, _bA. Michel _c[1946] |
||
| 300 |
_a2 p. l., [7]-267 p., 1 l. _bill. |
||
| 490 | 0 | _aSciences d'aujourd'hui | |
| 999 |
_c38250 _d38250 |
||